[Event "AUT-ch Vor4 Internet"]
[Site "Playchess.com INT"]
[Date "2020.04.25"]
[Round "5"]
[White "Steirer, Gerhard"]
[Black "Dilly, Julian"]
[Result "0-1"]
[WhiteElo "1854"]
[BlackElo "1502"]
[PlyCount "52"]
[EventDate "2020.04.25"]
[EventType "swiss (blitz)"]
[EventRounds "9"]
[EventCountry "AUT"]
[SourceTitle "EXT 2021"]
[Source "ChessBase"]
[SourceDate "2020.10.23"]
[SourceVersion "1"]
[SourceVersionDate "2020.10.23"]
[SourceQuality "1"]

1. e4 c5 2. d4 cxd4 3. c3 dxc3 4. Nxc3 Nc6 5. Bc4 e5 6. Nf3 Nf6 7. Bg5 Be7 8. Bxf6 Bxf6 9. Nd5 0-0 10. 0-0 Nd4 11. Nxd4 exd4 12. f4 Be7 13. Qxd4 b6 14. Qd2 Bc5+ 15. Kh1 Bb7 16. b4 Bd6 17. e5 Be7 18. Rf3 d6 19. Rh3 dxe5 20. fxe5 Bg5 21. Qc2 g6 22. Rd1 Bxd5 23. Bxd5 Rc8 24. Bxf7+ Kxf7 25. Qb3+ Kg7 26. Rxd8 Rf1# 0-1

[Event "AUT-ch Vor3 Internet"]
[Site "Playchess.com INT"]
[Date "2020.04.17"]
[Round "5"]
[White "Dilly, Julian"]
[Black "Haemmerle, Dietmar"]
[Result "1-0"]
[WhiteElo "1502"]
[BlackElo "1762"]
[PlyCount "93"]
[EventDate "2020.04.17"]
[EventType "swiss (blitz)"]
[EventRounds "9"]
[EventCountry "AUT"]
[SourceTitle "CBM 195 Extra"]
[Source "ChessBase"]
[SourceDate "2020.05.31"]
[SourceVersion "1"]
[SourceVersionDate "2020.05.31"]
[SourceQuality "1"]

1. Nf3 d5 2. b3 Nf6 3. Bb2 e6 4. g3 Be7 5. d3 0-0 6. Bg2 h6 7. 0-0 c5 8. Nbd2 Nc6 9. c4 d4 10. Ne1 Bd7 11. Ne4 Nxe4 12. Bxe4 Rc8 13. e3 e5 14. a3 Bh3 15. Ng2 f5 16. Bf3 Bg5 17. exd4 exd4 18. Bd5+ Kh8 19. Qh5 Bg4 20. Qg6 Rf6 21. Qxf6 Bxf6 22. f3 Bh5 23. Nf4 Be8 24. Rae1 Qc7 25. Ne6 Qd7 26. Nxc5 Qc7 27. Ne6 Qb8 28. Nf4 g5 29. Ne6 Bf7 30. g4 Bxe6 31. Rxe6 Bg7 32. gxf5 Qf4 33. Be4 Ne5 34. Bc1 Nxf3+ 35. Rxf3 Qxc1+ 36. Rf1 Qxa3 37. f6 Bf8 38. f7 Qc5 39. Re8 Kg7 40. b4 Qc6 41. Bxc6 bxc6 42. Rxc8 Bxb4 43. Rxc6 a5 44. Ra6 Bd2 45. Rxa5 Bxa5 46. f8Q+ Kg6 47. Qf7# 1-0

[Event "AUT-ch Vor2 Internet"]
[Site "Playchess.com INT"]
[Date "2020.04.13"]
[Round "6"]
[White "Dilly, Julian"]
[Black "Gall, Bernhard"]
[Result "1-0"]
[WhiteElo "1502"]
[BlackElo "1244"]
[PlyCount "93"]
[EventDate "2020.04.13"]
[EventType "swiss (blitz)"]
[EventRounds "9"]
[EventCountry "AUT"]
[SourceTitle "CBM 195 Extra"]
[Source "ChessBase"]
[SourceDate "2020.05.31"]
[SourceVersion "1"]
[SourceVersionDate "2020.05.31"]
[SourceQuality "1"]

1. Nf3 Nc6 2. g3 e5 3. d3 Nf6 4. Nbd2 d5 5. Bg2 Be7 6. 0-0 0-0 7. c4 d4 8. a3 Bd7 9. b4 a6 10. Ne1 Qc8 11. Ne4 Bh3 12. f4 Bxg2 13. Nxf6+ Bxf6 14. Kxg2 Re8 15. Nf3 exf4 16. Bxf4 Ne5 17. Nxd4 Qg4 18. Nf3 Nxf3 19. exf3 Qg6 20. Ra2 Rad8 21. Rd2 Be5 22. Bxe5 Rxe5 23. d4 Re7 24. Re1 Rxe1 25. Qxe1 f6 26. Qe4 Qxe4 27. fxe4 Kf7 28. Kf3 Rd7 29. Kf4 Rd8 30. h4 g6 31. g4 h6 32. g5 fxg5+ 33. hxg5 hxg5+ 34. Kxg5 Kg7 35. e5 Rf8 36. Kg4 Rf5 37. Rd3 Kh6 38. Rh3+ Rh5 39. Rxh5+ gxh5+ 40. Kh4 Kg6 41. d5 Kf5 42. e6 Kf6 43. Kxh5 Ke7 44. Kg6 b6 45. a4 a5 46. b5 Ke8 47. Kf6 1-0

[Event "AUT-ch Vor2 Internet"]
[Site "Playchess.com INT"]
[Date "2020.04.13"]
[Round "9"]
[White "Lammer, Michael"]
[Black "Dilly, Julian"]
[Result "0-1"]
[WhiteElo "1499"]
[BlackElo "1502"]
[PlyCount "50"]
[EventDate "2020.04.13"]
[EventType "swiss (blitz)"]
[EventRounds "9"]
[EventCountry "AUT"]
[SourceTitle "CBM 195 Extra"]
[Source "ChessBase"]
[SourceDate "2020.05.31"]
[SourceVersion "1"]
[SourceVersionDate "2020.05.31"]
[SourceQuality "1"]

1. e4 c5 2. Nf3 g6 3. Bc4 Bg7 4. Bxf7+ Kxf7 5. Ng5+ Ke8 6. Qf3 Nf6 7. e5 Rf8 8. exf6 Rxf6 9. Qb3 e6 10. Nxh7 Rf7 11. 0-0 Bh8 12. Qh3 Qe7 13. d3 Rxh7 14. Qg4 Qf7 15. Nc3 Nc6 16. Ne4 Ne5 17. Qe2 Qe7 18. Bg5 Qf8 19. d4 cxd4 20. Qd2 d5 21. Ng3 Bf6 22. Bxf6 Qxf6 23. f4 Ng4 24. Qxd4 Qxd4+ 25. Kh1 Rxh2# 0-1